XII jogos indígenas = (Record no. 1568)

MARC details
000 -LÍDER
Campo Fixo de Controle 01526nam a22003257a 4500
001 - NÚMERO DE CONTROLE
Campo de Controle 1568
003 - IDENTIFICAÇÃO DO NÚMERO DE CONTROLE
Campo de Controle BR-CuiBMT
005 - DATA E HORA DA ÚLTIMA ATUALIZAÇÃO
Campo de Controle 20231215211656.0
008 - DADOS FIXOS
Dados Fixos 231215s2017 mtba 100 0 por d
020 ## - INTERNATIONAL STANDARD BOOK NUMBER
Nº do ISBN 9788563867124
040 ## - AGÊNCIA CATALOGADORA
Código da Agência Catalogadora BR-CuiBMT
Agência que transcreveu o registro BR-CuiBMT
080 ## - Nº DA CLASSIFICAÇÃO DECIMAL UNIVERSAL
Nº Class. CDU 796.1
Subd. Auxiliar Comum (=87)
-- (062)
Nº edição CDU 2007
090 ## - NÚMERO DE CHAMADA
Nº classificação 796.1(=87)(062)
Cutter J64x
111 1# - ENTRADA PRINCIPAL -- EVENTO
Nome do evento ou lugar Jogos dos Povos Indígenas
Número da parte/seção do evento (12. :
Data da realização do evento 2017 :
Local de realização do evento Cuiabá, MT)
245 10 - TÍTULO PRINCIPAL
Título principal XII jogos indígenas =
Subtítulo Indigenous games = XII juego de los pueblos indígenas /
Indicação de responsabilidade coordenação Lauristela Guimarães, Daniel Munduruku ; textos Lauristela Guimarães, Rafaela Maximiano ; revisão Doralice Jacomazi ; tradução inglês Fabiano Souza, tradução espanhol Angela Maria Fernandes ; fotos Antonio Carlos Ferreira Banavita.
246 11 - FORMAS VARIANTES DO TÍTULO
Título principal Indigenous games
246 11 - FORMAS VARIANTES DO TÍTULO
Título principal XII juego de los pueblos indígenas
246 12 - FORMAS VARIANTES DO TÍTULO
Título principal Décimo segundo jogos indígenas
250 ## - EDIÇÃO
Edição 1. ed.
260 ## - PUBLICAÇÃO, DISTRIBUIÇÃO, ETC.
Local de publicação Cuiabá :
Editora Primeira Página,
Data 2017.
300 ## - DESCRIÇÃO FÍSICA
N. páginas ou volumes 145 p. :
Ilustrações principalmente il. color. ;
Dimensões 30 cm +
Material adicional 1 CD-ROM
500 ## - NOTAS GERAIS
Notas gerais Textos em português com tradução paralela para o inglês e para o espanhol.
590 ## - NOTA LOCAL
Nota local Apenas o exemplar 1 possui material adicional (CD-ROM).
611 24 - ASSUNTO -- EVENTOS
Nome do evento ou lugar Jogos Indígenas
Subdivisão geral Obras ilustradas
650 04 - ASSUNTO TÓPICO
Cabeçalho tópico ou nome geográfico Indígenas da América do Sul
Subdivisão geral Esportes
Subdivisão geográfica Brasil
Subdivisão geral Obras ilustradas
700 1# - ENTRADA SECUNDÁRIA -- NOME PESSOAL
Nome pessoal Guimarães, Lauristela
Termo de relação coordenação
700 1# - ENTRADA SECUNDÁRIA -- NOME PESSOAL
Nome pessoal Munduruku, Daniel,
Datas associadas ao nome 1964-
Termo de relação coordenação
700 1# - ENTRADA SECUNDÁRIA -- NOME PESSOAL
Nome pessoal Banavita, Antonio Carlos Ferreira
Termo de relação fotografias
942 ## - ELEMENTOS DE ENTRADA ADICIONAIS (KOHA)
Fonte de classificação ou esquema de arquivamento Classificação Decimal Universal
Tipo de item do Koha Livros
Holdings
Estado: removido Estado: perdido Fonte de classificação ou esquema de arquivamento Estado: danificado Indisponível para empréstimo Localização permanente Localização atual Data de aquisição Total Checkouts Número de Chamada completo Código de barras Date last seen Número do exemplar Preço efetivo a partir de Tipo de item (Koha) Especificação Nota pública
    Classificação Decimal Universal     Biblioteca da Escola Superior de Contas do TCE/MT Biblioteca da Escola Superior de Contas do TCE/MT 15/12/2023   796.1(=87)(062) J64x BIBTCEMT23120580 15/12/2023 Ex. 1 15/12/2023 Livros    
    Classificação Decimal Universal     Biblioteca da Escola Superior de Contas do TCE/MT Biblioteca da Escola Superior de Contas do TCE/MT 15/12/2023   796.1(=87)(062) J64x BIBTCEMT23120590 15/12/2023 Ex. 1 15/12/2023 CD-ROM Material adicional do Ex. 1 do livro CD-ROM
    Classificação Decimal Universal     Biblioteca da Escola Superior de Contas do TCE/MT Biblioteca da Escola Superior de Contas do TCE/MT 15/12/2023   796.1(=87)(062) J64x BIBTCEMT23120591 15/12/2023 Ex. 2 15/12/2023 Livros    

Powered by Koha